| 000 | 00369 a2200133 4500 | ||
|---|---|---|---|
| 003 | Nust | ||
| 005 | 20170207170422.0 | ||
| 040 | _cNust | ||
| 082 | _a799 | ||
| 245 |
_aEmp of AD in All Ops of War by Maj Farrukh,Photographs-2015 _bMCS |
||
| 260 |
_aRawalpindi _bMCS _c07-01-2015 |
||
| 650 | _aEmp of AD in All Ops of War by Maj Farrukh,Photographs-2015 | ||
| 651 | _aSweet Memories-MCS | ||
| 942 | _cBK | ||
| 999 |
_c214792 _d214792 |
||